Beatles Albums - Statistics

General Stats
  • This quiz has been taken 34 times
    24 since last reset
  • The average score is 10 of 12
Answer Stats
Hint Answer % Correct
1963 Please Please Me
100%
1963 With The Beatles
91%
1966 Revolver
86%
1965 Rubber Soul
86%
1967 Sgt Pepper's Lonely Hearts Club Band
86%
1969 Abbey Road
82%
1965 Help
82%
1970 Let It Be
82%
1967 Magical Mystery Tour
82%
1964 A Hard Days Night
77%
1964 Beatles for Sale
73%
1968 White Album
68%
No matching quizzes found
Score Distribution
Percent of People with Each Score
Percentile by Number Answered
Your Score History
You have not taken this quiz since the last reset